| 000 | 01252cam a2200217 4500 | ||
|---|---|---|---|
| 001 | WB@3612-686 | ||
| 008 | 041202n2004 000 0 eng u | ||
| 035 | _a(Sirsi) u128180 | ||
| 245 | _aSustainable development report | ||
| 260 | _c2004 | ||
| 490 |
_aDEFRA News Release _v(485/04) 30 November 2004 (2) |
||
| 520 | _aThe "Sustainable Development in Government (SDiG) third annual report 2004" has just been published. The report provides a snapshot of the way in which government departments managed their land and buildings during the period April 2003 to March 2004. It is an independent assessment of how well departments are doing in meeting the government's own targets on sustainable operations.. The report is based on a questionnaire which was completed by each of the 20 central government departments which were then analysed independently by Pricewaterhouse Coopers. The full report can be accessed at: http://www.sustainable-development.gov.uk/sdig/rep orts/index.htm. http://www.defra.gov.uk/news/2004/041130d.htm | ||
| 590 | _aWB | ||
| 590 | _aWB | ||
| 650 | _aSUSTAINABLE DEVELOPMENT | ||
| 650 | _aGOVERNMENT DEPARTMENTS | ||
| 650 | _aTARGETS | ||
| 650 | _aPROGRESS | ||
| 690 |
_aPROPERTY MANAGEMENT _96262 |
||
| 942 | _n0 | ||
| 999 |
_c118395 _d118395 |
||